Breve historia contemporánea de la Argentina : 1916/1999 /

Guardado en:
Autor Principal: Romero, Luis Alberto
Formato: Libro
Idioma:Spanish
Publicado: Buenos Aires : Fondo de Cultura Económica, 2001
Edición:2º ed.
Etiquetas: Agregar Etiqueta
Sin Etiquetas, Sea el primero en etiquetar este registro!
LEADER 00472nam a22001455a 4500
001 DER.der012957
005 20160205000000.0
008 180615s2001####||||||||||||||||||||spa||
020 |a 950-557-393-6 
100 1 |a Romero, Luis Alberto 
245 1 0 |a Breve historia contemporánea de la Argentina :  |b 1916/1999 /  |c Luis Alberto Romero 
250 |a 2º ed. 
260 |a Buenos Aires :  |b Fondo de Cultura Económica,  |c 2001 
300 0 |a 331 p. 
859 |a DERECHO  |b BIB. DERECHO  |h 982.07  |i ROM  |p 007794